The life & the work art and biography

Podrobná bibliografia
Ďalší autori: Salas, Charles G. (Autor úvodu atď., Editor)
Médium: Kniha
Jazyk:angličtina
Fyzický popis:vii, 162 strán fotografie, ilustrácie 28 cm
Vydavateľské údaje: Los Angeles Getty Research Institute [2007]
ISBN:9780892368235
Predmet:

MARC

LEADER 00000cam a2200000 4500
001 vtls012143761
003 SK-MaSNL
005 20260331211943.0
008 220714s2007 xxuoa g n 001 0 eng
015 |a SNBZSA2023/11 
020 |a 9780892368235  |q (viazané) 
040 |a SNK  |b slo  |c SNK  |e rda 
041 0 |a eng 
044 |a xxu  |c US 
072 7 |a 7.01/.09  |x Umenie  |2 konspekt 
080 |a 7.07  |2 2011 
080 |a 7.01/.09  |2 2011 
080 |a 165.12  |2 2011 
080 |a 7.072.3  |2 2011 
080 |a 72/76(091)  |2 2011 
080 |a (0:82-4)  |2 2011 
080 |a (082)  |2 2011 
100 1 |a Salas, Charles G.  |4 aui  |4 edt  |9 510054 
245 1 4 |a The life & the work  |b art and biography  |c edited by Charles G. Salas 
246 3 |a Life and the work 
264 1 |a Los Angeles  |b Getty Research Institute  |c [2007] 
264 4 |c ©2007 
300 |a vii, 162 strán  |b fotografie, ilustrácie  |c 28 cm 
336 |a text  |b txt  |2 rdacontent 
337 |a bez média  |b n  |2 rdamedia 
338 |a zväzok  |b nc  |2 rdacarrier 
500 |a Obsahuje životopisné a profesijné údaje o prispievateľoch 
504 |a Obsahuje bibliografické odkazy za jednotlivými príspevkami a register 
650 0 7 |a umelecká tvorba  |2 SNKPH  |9 2852 
650 0 7 |a Artistic creation  |2 SNKPHeng  |9 294690 
650 0 7 |a umenie  |2 SNKPH  |9 1060 
650 0 7 |a Art  |2 SNKPHeng  |9 266209 
650 0 7 |a subjektivita  |2 SNKPH  |9 71844 
650 0 7 |a Subjectivity  |2 SNKPHeng  |9 436626 
650 0 7 |a umelecká kritika  |2 SNKPH  |9 2897 
650 0 7 |a Art criticism  |2 SNKPHeng  |9 266210 
650 0 7 |a dejiny umenia  |2 SNKPH  |9 1066 
650 0 7 |a History of art  |2 SNKPHeng  |9 267869 
655 7 |a eseje  |2 SNKPH  |9 57030 
655 7 |a zborníky  |2 SNKPH  |9 70165 
655 7 |a Essays  |2 SNKPHeng  |9 267540 
655 7 |a Papers of several authors  |2 SNKPHeng  |9 153738 
852 |a Slovenská národná knižnica 
919 |a 978-0-89236-823-5 
954 |a odborná, vedecká literatúra cudzojazyčná (svetová)  |2 lita 
958 |a ZS 
958 |a NB 
999 |c 786458  |d 788388 
952 |a SNK  |b SNK  |y PREZ  |7 0  |p 17A1528817  |o snkSB 99176  |i snk2023/7006  |8 4  |g 40.66  |0 0  |1 0  |4 0  |d 2022-07-14  |f 1  |l 0  |r 2025-05-22 00:00:00  |w 2026-02-24